000 00600nam a2200133 a 4500
001 000039128
005 20250607073643.0
008 130527s1994 dr 000 0 spa d
040 _aDO-SdBNP
_bspa
_cBNPHU
110 1 _aRepública Dominicana.
_b Secretaria de Estado de Salud Pública y Asistencia Social (2001)
_956549
245 1 0 _aEvaluación del impacto de los servicios de planificación familiar en la zona fronteriza, áreas urbanas-marginales y zonas francas.
260 _aSanto Domingo :
_bSecretaría de Estado de Salud Pública y Asistencia Social.,
_c1994.
300 _a52 [12] p. ;
_c22 cm.
999 _c38618
_d38618